| 000 | 00358nam a2200133Ia 4500 | ||
|---|---|---|---|
| 008 | 150202s9999 xx 000 0 und d | ||
| 020 | _a671738046 | ||
| 050 |
_aFIC _bFIC |
||
| 100 | _aFowler, D.A. | ||
| 245 | 4 |
_aThe book of the dammed / _cD.A. Fowler. |
|
| 260 |
_aNew York : _bPocket Books, _c1993. |
||
| 300 |
_a275 pages : _c18 cm. |
||
| 650 | _aFiction. | ||
| 999 |
_c282019 _d282019 |
||